banner koha

Influencia de fungos micorrizicos vesiculo-arbusculares na murcha bacteriana (Pseudomonas solanacearum (Smith)Smith)e na absorcao de nutrientes em tomateiro (Registro n. 45947)

MARC details
000 -LÍDER
campo de controle de tamanho fixo 01176nam a22003137a 4500
001 - NÚMERO DE CONTROLE
campo de controle BR9102449
003 - IDENTIFICADOR DO NÚMERO DE CONTROLE
campo de controle BR-BrBNA
005 - DATA E HORÁRIO DA ÚLTIMA TRANSAÇÃO
campo de controle 20230928093612.0
007 - CAMPO FIXO DE DESCRIÇÃO FÍSICA--INFORMAÇÃO GERAL
campo de controle de tamanho fixo ta
008 - CAMPO DE DADOS FIXOS--INFORMAÇÃO GERAL
campo de controle de tamanho fixo 230509b bl.||||| |||| 00| 0 por d
040 ## - FONTE DA CATALOGAÇÃO
Instituição da catalogação original BR-BrBNA
Idioma da catalogação por
Instituição que transcreveu o registro Biblioteca Nacional de Agricultura
041 ## - CÓDIGO DE IDIOMA
Código do idioma do texto/trilha sonora ou título diferente (Por)
072 ## - CÓDIGO DE CATEGORIA DE ASSUNTO
Código de Categoria de Assunto P34; H20; F61
Código do objeto 1850
-- 4110
090 ## - NÚMERO DE CHAMADA LOCAL
-- 1850 BR9102449
100 1# - ENTRADA PRINCIPAL--NOME PESSOAL
Nome pessoal Rego, I.C.
110 1# - ENTRADA PRINCIPAL--NOME CORPORATIVO
Nome corporativo ou nome da jurisdição Centro de Energia Nuclear na Agricultura, Piracicaba, SP (Brasil)
Grau Universitário Tese (Mestre em Ciencias)
245 1# - TÍTULO
Título Influencia de fungos micorrizicos vesiculo-arbusculares na murcha bacteriana (Pseudomonas solanacearum (Smith)Smith)e na absorcao de nutrientes em tomateiro
246 1# - FORMA VARIANTE DO TÍTULO
Título/título abreviado Influence of vesicular-arbuscular mycorrhizal fungi in bacterial wilt (Pseudomonas solanacearum (Smith)Smith)and in the nutrients uptake in tomato
260 3# - PUBLICAÇÃO, DISTRIBUIÇÃO, ETC.
Local de publicação, distribuição, etc. Piracicaba, SP (Brasil):
Data da publicação, distribuição, etc. 1991.
300 ## - DESCRIÇÃO FÍSICA
Extensão 107 p.
500 ## - NOTA GERAL
Nota geral 11 tables; Bibliography p. 78-93 (82 ref.); Summaries (Eng, Por)
650 ## - ASSUNTO--TERMO TÓPICO
Cabeçalho tópico ou nome geográfico TOMATE
650 ## - ASSUNTO--TERMO TÓPICO
Cabeçalho tópico ou nome geográfico MICORRIZA
650 ## - ASSUNTO--TERMO TÓPICO
Cabeçalho tópico ou nome geográfico MURCHA BACTERIANA
650 ## - ASSUNTO--TERMO TÓPICO
Cabeçalho tópico ou nome geográfico ABSORCAO
650 ## - ASSUNTO--TERMO TÓPICO
Cabeçalho tópico ou nome geográfico NUTRIENTE
909 ## -
-- 202309
-- Lucia
-- 55
-- Lucia Elande
942 ## - ELEMENTOS DE ENTRADA ADICIONADOS (KOHA)
Tipo de material Koha Livros
Exemplares
Situação do descarte Fonte da classificação ou esquema de arquivamento na estante Situação física Não pode ser emprestado Coleção Biblioteca de origem Biblioteca atual Total de empréstimos Número de telefone completo Código de barras Data de último acesso Número do exemplar Tipo de material Koha Situação das perdas Data de aquisição Fonte de aquisição
  Classificação AGRIS       Biblioteca Nacional de Agricultura - Binagri Biblioteca Nacional de Agricultura - Binagri   1850 BR9102449 1850 BR9102449 25/09/2023 01 Livros   2023-09-25 Portaria Interministerial nº 164/94

BINAGRI

Telefone: (61)3218-2567/2388/3357/2097 - binagri@agro.gov.br

Ministério da Agricultura e Pecuária , Esplanada dos Ministérios, Bloco D, Anexo B, Brasília/DF, CEP: 70.043-900